| 000 | 00410nam a2200157 a 4500 | ||
|---|---|---|---|
| 005 | 20140412111427.0 | ||
| 008 | 090225s19uu xx 00 eng d | ||
| 020 | _a0-439-64949-8 | ||
| 050 |
_aTR(PS E _bHo83 2004 |
||
| 100 | _aYolen, Jane | ||
| 245 |
_aHow do dinosaurs count to ten? / _cJane Yolen. |
||
| 260 |
_aNew York : _bScholastic, _c2004. |
||
| 300 | _aunp. | ||
| 650 | _aCounting | ||
| 999 |
_c106267 _d106267 |
||